Easy NBA Quiz - Statistics

General Stats
  • This quiz has been taken 91 times
  • The average score is 9 of 12
Answer Stats
Question Answer % Correct
Which NBA player recently died? Bryant
97%
Where was LeBron James born Akron, Ohio
96%
Who was LeBron James drafted by? Cavs
93%
Who hold the best NBA recorded? 2016 Warriors
88%
Which NBA player AVG a triple double and won MVP in the same year? Russell Westbrook
88%
Who scored AVG:50 PPG Wilt Chamberlain
85%
Which NBA player scored 70 points in game Devin Booker
81%
Who hold the recorded for most points in a quarter? Klay Thompson
81%
Who was drafted 3rd in 2020 draft? Lamelo Ball
77%
Who was draft 1st in the 2013 draft Anthony Bennett
71%
Which NBA brothers are twins in the NBA ? Marcus and Markieff Morris
53%
Who was Lebron James best teammate Irving
3%
No matching quizzes found
Score Distribution
Percent of People with Each Score
Percentile by Number Answered
Your Score History
You have not taken this quiz